| 000 | 00851nmc a2200313 a 4500 | ||
|---|---|---|---|
| 003 | AR-BaBNM | ||
| 005 | 20251128203937.0 | ||
| 008 | 155019s1981 ||||||||||||||000 | spa|| | ||
| 020 | _a84-7046-210-5 | ||
| 040 | _cAR-BaBNM | ||
| 100 | 1 | _aCardona de Gilbert, Angeles | |
| 245 | 1 | 0 | _aLa innovación teatral del Barroco |
| 260 |
_aMadrid _bCincel _c1981 |
||
| 300 | 0 | _a95 p. | |
| 490 | 0 | _aCuadernos de estudio. Literatura | |
| 500 | 0 | _aCon cuadro cronológico | |
| 600 | 1 | 4 |
_aVega, Lope de _d1562-1635 |
| 600 | 1 | 4 | _aCalderon de la Barca, Pedro |
| 650 | 4 | _aTEATRO ESPANOL | |
| 650 | 4 | _aHISTORIA DEL TEATRO | |
| 650 | 4 | _aINVESTIGACION LITERARIA | |
| 650 | 4 | _aANALISIS LITERARIO | |
| 653 | 0 | _aBARROCO | |
| 653 | 0 | _aSIGLO DE ORO ESPANOL | |
| 655 | _aLITERATURA | ||
| 700 | 1 | _aFages Gironella, Xavier | |
| 942 | _cBK | ||
| 998 | _cCarmen | ||
| 999 |
_c5566 _d5566 |
||